| 000 | 00642nam a22001937a 4500 | ||
|---|---|---|---|
| 005 | 20100818150620.0 | ||
| 010 | _aENG-100863 | ||
| 020 |
_a9788190747110 _c70.00 |
||
| 035 | _aEN-84396 | ||
| 037 | _bDBAD/PUB | ||
| 082 | _a658.4 | ||
| 100 |
_aJagadeesan,K _914891 |
||
| 245 |
_aPrinciples of management / _cby K Jagadeesan |
||
| 260 |
_aSalem _bM S K Publications _c2007 |
||
| 270 |
_aM S K Publications _bSalem _e103 |
||
| 300 |
_a85p _c19cm(pbk) |
||
| 942 |
_2ddc _cEN _h658.4 _mJAG |
||
| 999 |
_c42460 _d42460 |
||